Josef Václav Sládek : život a tvorba /

Uložené v:
Podrobná bibliografia
Hlavný autor: Polák, Josef, 1913-2003 (Author)
Médium: Kniha
Jazyk:Czech
Vydané: Praha : Univerzita Karlova, 1984
Vydanie:1. vyd.
Edícia:Univerzita Karlova, Praha
ISBN: (brož.)
Fyzický popis: 134 s. : [8] s. fot. ; 24 cm.
Tagy: Pridať tag
Žiadne tagy, Buďte prvý kto otaguje tento záznam!

MARC

LEADER 00000nam a2200000 4500
001 000409421
005 20121109183844.0
008 840910s1984 xr e cze d
020 |a (brož.)  |c Kčs 23,00 
040 |a SVKKK  |b slo  |c SVKKK  |e AACR2 
041 0 |a cze  |b rus  |b ger  |b eng 
044 |a xr  |c CZ 
100 1 |a Polák, Josef,  |d 1913-2003  |4 aut 
245 1 0 |a Josef Václav Sládek :  |b život a tvorba /  |c Josef Polák. 
250 |a 1. vyd. 
260 |a Praha :  |b Univerzita Karlova,  |c 1984  |e (Bratislava :  |f Západoslov. tlač., Svornosť) 
300 |a 134 s. :  |b [8] s. fot. ;  |c 24 cm. 
366 |e 3000 výt. 
490 1 |a Univerzita Karlova, Praha 
500 |a Obálka Jiří Kreuziger 
500 |a Bibliogr. pozn. 
500 |a Odkazy na lit. 
500 |a Pozn. 
500 |a Rus., angl. a nem. resumé 
500 |a Vysvetl. k fot. 
910 |a svkkk 
998 |a BK 
090 |g SCKHL  |k Sklad Pribinova prízemie  |a IV.122907  |j 699614  |i B271442  |s Absenčne